000 00509nam a2200181Ia 4500
003 GCL
008 140319s9999 xx 000 0 ara d
040 _aGCL /
_cGCL
082 0 4 _a843.03
_bج ب
100 1 _aجورج طرابيشى (مترجم)
245 1 0 _aبوليز /
_cجورج طرابيشى (مترجم)
700 1 _aجان بول سارتر
300 _a218 ص
490 _a
650 0 4 _aالقصص الفرنسية
650 0 4 _aالادب الفرنسى المترجم
942 _2ddc
_cBK
999 _c40256
_d40256